000 00542nam a2200193Ia 4500
005 20250508165811.0
008 008 250505s9999 xx 000 0 eng d
037 _aTheses
040 _aFEDL
_beng
_cFEDL
041 _aeng
_2eng
084 _a371.7, SAR/TH
_qFEDL
100 _aSarohe Seema
_9551205
245 0 _aConceptions of citizenship in the education of teachers
260 _c2016
300 _avi,302p.
546 _aPh. D. Thesis (Delhi University)
942 _cTH
_h371.7, SAR/TH
999 _c1397533
_d1397533